000
00205 a2200097 4500
001
35056
100
_a
KIM, Birt Kimzey
245
_a
F-111 Aarduark
260
_a
USA
_b
Tab Books
_c
090
_c
23203
_d
23203
942
_a
NUST-CAE
_c
M
_c
14674
999
_c
270129
_d
270129